Early Christian Greek and Latin literature : (Record no. 10574)

MARC details
000 -LEADER
fixed length control field 01359cam a22003014a 4500
001 - CONTROL NUMBER
control field 14031822
003 - CONTROL NUMBER IDENTIFIER
control field GBCCL
005 - DATE AND TIME OF LATEST TRANSACTION
control field 20250123105849.0
008 - FIXED-LENGTH DATA ELEMENTS--GENERAL INFORMATION
fixed length control field 050711s2005 mau b 001 0 eng
020 ## - INTERNATIONAL STANDARD BOOK NUMBER
International Standard Book Number 1565636066 (alk. paper)
040 ## - CATALOGING SOURCE
Original cataloging agency DLC
Transcribing agency DLC
Modifying agency DLC
082 00 - DEWEY DECIMAL CLASSIFICATION NUMBER
Classification number 270.1
Edition information 22
Item number MOR 1
100 1# - MAIN ENTRY--PERSONAL NAME
Personal name Moreschini, Claudio.
245 10 - TITLE STATEMENT
Title Early Christian Greek and Latin literature :
Remainder of title a literary history /
Statement of responsibility, etc. Claudio Moreschini and Enrico Norelli ; translated by Matthew J. O'Connell.
260 ## - PUBLICATION, DISTRIBUTION, ETC.
Place of publication, distribution, etc. Peabody, Mass. :
Name of publisher, distributor, etc. Hendrickson Publishers,
Date of publication, distribution, etc. c2005.
300 ## - PHYSICAL DESCRIPTION
Extent 2 v. ;
Dimensions 25 cm.
504 ## - BIBLIOGRAPHY, ETC. NOTE
Bibliography, etc. note Includes bibliographical references and index.
505 1# - FORMATTED CONTENTS NOTE
Formatted contents note v. 1. From Paul to the age of Constantine -- v. 2. From the council of Nicea to the beginning of the medieval period.
650 #0 - SUBJECT ADDED ENTRY--TOPICAL TERM
Topical term or geographic name entry element Christian literature, Early
General subdivision Greek authors.
650 #0 - SUBJECT ADDED ENTRY--TOPICAL TERM
Topical term or geographic name entry element Christian literature, Early
General subdivision Latin authors.
650 #0 - SUBJECT ADDED ENTRY--TOPICAL TERM
Topical term or geographic name entry element Greek literature
General subdivision History and criticism.
650 #0 - SUBJECT ADDED ENTRY--TOPICAL TERM
Topical term or geographic name entry element Latin literature
General subdivision History and criticism.
700 1# - ADDED ENTRY--PERSONAL NAME
Personal name Norelli, Enrico.
856 41 - ELECTRONIC LOCATION AND ACCESS
Materials specified Table of contents
Uniform Resource Identifier <a href="http://www.loc.gov/catdir/toc/ecip0516/2005019779.html">http://www.loc.gov/catdir/toc/ecip0516/2005019779.html</a>
906 ## - LOCAL DATA ELEMENT F, LDF (RLIN)
a 7
b cbc
c orignew
d 1
e ecip
f 20
g y-gencatlg
942 ## - ADDED ENTRY ELEMENTS (KOHA)
Source of classification or shelving scheme Dewey Decimal Classification
Koha item type Books
Suppress in OPAC No
Holdings
Withdrawn status Lost status Source of classification or shelving scheme Damaged status Not for loan Home library Current Library Shelving location Date acquired Source of acquisition Total checkouts Full call number Barcode Date last seen Date last checked out Copy number Price effective from Koha item type
    Dewey Decimal Classification     GRACE BIBLE COLLEGE GRACE BIBLE COLLEGE Church History 2025-01-23 TBN 1 270.1 MOR 020928 2026-02-09 2026-02-02 v.1 2025-01-23 Books
    Dewey Decimal Classification     GRACE BIBLE COLLEGE GRACE BIBLE COLLEGE Church History 2025-01-23 TBN   270.1 MOR 020929 2025-05-01   v.2 2025-01-23 Books
© Grace Bible College Library 2025